Guía de Cuenca / (Record no. 76418)

MARC details
000 -LEADER
campo de control de longitud fija 00621nam a2200169 i 4500
001 - NÚMERO DE CONTROL
campo de control 76418
003 - IDENTIFICADOR DE NÚMERO DE CONTROL
campo de control ES-MaACL
005 - FECHA Y HORA DE LA ÚLTIMA TRANSACCIÓN
campo de control 20230906172833.0
007 - CAMPO FIJO DE DESCRIPCIÓN FÍSICA--INFORMACIÓN GENERAL
campo de control de longitud fija t|
008 - DATOS DE LONGITUD FIJA--INFORMACIÓN GENERAL
campo de control de longitud fija 041001s1923 sp ||||1| spa d
245 00 - MENCIÓN DEL TÍTULO
Título Guía de Cuenca /
Mención de responsabilidad, etc. edición hecha por el Museo Municipal de Arte ; textos de Baroja, de Buen-Giménez de Aguilar, Llopis y Zomeño.
260 ## - PUBLICACIÓN, DISTRIBUCIÓN, ETC.
Lugar de publicación, distribución, etc. Cuenca :
Nombre del editor, distribuidor, etc. [s.n.],
Fecha de publicación, distribución, etc. 1923 (
Fabricante Ruiz de Lara)
300 ## - DESCRIPCIÓN FÍSICA
Extensión XVIII, 238 p., 1 h., 12 lám., 2 plan. pleg. ;
Dimensiones 17 cm.
651 #4 - PUNTO DE ACCESO ADICIONAL DE MATERIA--NOMBRE GEOGRÁFICO
Nombre geográfico Cuenca (Provincia)-
Subdivisión de forma Guías turísticas.
9 (RLIN) 147607
700 1# - ENTRADA AGREGADA--NOMBRE PERSONAL
Nombre de persona Giménez de Aguilar, Juan.
9 (RLIN) 162532
852 ## - LOCALIZACIÓN
Ubicación ES-MaACL
Número de control de estantería F-12857
Holdings
Estatus retirado Estado de pérdida Estado de daño No para préstamo Biblioteca de origen Biblioteca actual Ubicación en estantería Fecha de adquisición Fuente de adquisición Total de préstamos Signatura topográfica completa Código de barras Visto por última vez Precio de reemplazo Tipo de ítem Koha
        Biblioteca del Ateneo de Madrid Biblioteca del Ateneo de Madrid Sala Pecera Planta 2 17/01/2008     F-12857 1079971 23/02/2023 23/02/2023 Libro impreso